Democracia y justicia social en América Latina /
Furkejuvvon:
| Váldodahkki: | |
|---|---|
| Materiálatiipa: | Texto |
| Fáttát: | |
| Fáddágilkorat: |
Lasit fáddágilkoriid
Eai fáddágilkorat, Lasit vuosttaš fáddágilkora!
|
MARC
| LEADER | 00000 a a2200000 04500 | ||
|---|---|---|---|
| 001 | 44803 | ||
| 003 | |||
| 040 | |||
| 100 | |a Nohlen, Dieter | ||
| 245 | |a Democracia y justicia social en América Latina / |c Dieter Nohlen | ||
| 650 | |a DEMOCRACIA | ||
| 650 | |a JUSTICIA SOCIAL | ||
| 650 | |a AMERICA LATINA | ||
| 650 | |a POLITICA | ||
| 773 | |g páginas 337-347 | ||
| 999 | |c 34133 |d 34133 | ||
